Rozpoznaj piosenkę po jednym wersie - Taco Hemingway - Statystyki

Ogólne statystyki
  • Ten quiz został rozwiązany 566 razy
    440 od ostatniego zresetowania
  • Średni wynik to 5 z 10
Statystyki odpowiedzi
Wers Piosenka % Poprawnych
Tak to on, tak to on, tak, tak, to on, ten warszawski łotr (przerywnik)
71%
Podawać ze spojrzeniem kłującym jak kaktus Wytrawne (z nutą desperacji)
63%
Czemu z grobu dziadka ciągle kradzione róże? Dwuzłotówki Dancing
59%
Twoja mina mówi "dobrze wiesz" I.S.W.T
54%
Złoty zegar, co tam czeka, to jej długi włos w nim Tsunami blond
50%
Pani Nykiel da Ci kartę SIM Motorola
46%
A ona ściera jego DNA z okolic biustu Algorytm
32%
To wszystko proste bardzo, Filip, to jest małe miki Białkoholicy
32%
Ludzie się martwią, no bo SOMA w radiach Italodisco
32%
Ból mnie nęka, biorę Panadol SZCZERZE
25%
Nie znaleziono quizów pasujących do podanych kryteriów
Rozkład punktacji
Procent ludzi z każdym wynikiem
Percentyl według liczby udzielonych odpowiedzi
Twoja historia wyników
Nie rozwiązałeś tego quizu od ostatniego zresetowania